Nederlandse gemeenten die beginnen met een R - Statistieken

Algemene statistieken
  • Deze quiz is 53 keer genomen
  • De gemiddelde score is 12 van 16
Antwoordstatistieken
Nr. Antwoord % Correct
1 Raalte
94%
6 Rheden
88%
11 Roerdalen
88%
16 Rucphen
88%
3 Renkum
82%
7 Rhenen
82%
12 Roermond
82%
13 Roosendaal
82%
14 Rotterdam
82%
4 Renswoude
76%
8 Ridderkerk
76%
10 Rijswijk
76%
15 Rozendaal
76%
9 Rijssen-Holten
65%
2 Reimerswaal
53%
5 Reusel-De Mierden
53%
Geen overeenkomende quizzen gevonden
Scoreverdeling
Procent van Mensen met Elke Score
Percentiel versus Aantal Correcte Antwoorden
Uw Scoregeschiedenis
U heeft deze quiz nog niet genomen